| Tag |
First Indicator |
Second Indicator |
Subfields |
| LEADER |
00000cam a2200000 a 4500 |
| 001 |
in00000014662 |
| 005 |
20231115191042.2 |
| 008 |
880425s1987 caua c 001 0 eng d |
| 035 |
|
|
|a (OCoLC)17847819
|
| 035 |
|
|
|9 AAA7035AM
|
| 040 |
|
|
|a TXA
|c TXA
|d UtOrBLW
|
| 043 |
|
|
|a n-us-ca
|
| 049 |
|
|
|a TXAS
|c [A08599424]
|
| 050 |
|
4 |
|a N7624.5
|b .B8 1987
|
| 110 |
2 |
|
|a Butterfield & Butterfield.
|
| 245 |
1 |
0 |
|a Selected California paintings.
|
| 264 |
|
1 |
|a San Francisco :
|b Butterfield & Butterfield,
|c 1987.
|
| 300 |
|
|
|a 1 volume (unpaged) :
|b illustrations (some color) ;
|c 28 cm.
|
| 336 |
|
|
|a text
|b txt
|2 rdacontent
|
| 337 |
|
|
|a unmediated
|b n
|2 rdamedia
|
| 338 |
|
|
|a volume
|b nc
|2 rdacarrier
|
| 500 |
|
|
|a Auction held on Thursday 14, 1987, catalogue numbers 4001 to 4230.
|
| 500 |
|
|
|a Includes index.
|
| 650 |
|
0 |
|a Art auctions
|z California.
|
| 999 |
|
|
|a MARS
|
| 999 |
f |
f |
|s 18256ddf-acfd-3cf6-9ada-01a0f9fead9e
|i 04484ffd-52ef-3c8a-8e26-6759deba19d5
|t 0
|
| 952 |
f |
f |
|p noncirc
|a Texas A&M University
|b College Station
|c Cushing Memorial Library & Archives
|d Cushing: Dykes (Does not check out)
|t 0
|e N7624.5 .B8 1987
|h Library of Congress classification
|i unmediated -- volume
|m A14853125859
|
| 998 |
f |
f |
|a N7624.5 .B8 1987
|t 0
|l Cushing: Dykes (Does not check out)
|